| 000 | 01865nam a2200445 c 4500 | ||
|---|---|---|---|
| 001 | 23568 | ||
| 003 | ES-MaCES | ||
| 005 | 20150925133421.0 | ||
| 008 | 110215s2009 sp ao o100 | spa d | ||
| 017 |
_aM 47930-2009 _bDL |
||
| 035 | _aCES20110000965m | ||
| 040 |
_aES-MaCES _bspa _cES-MaCES |
||
| 111 | 2 |
_aJornadas de Gestión de la Información _n11ª _d2009 _cMadrid _91150 |
|
| 245 | 1 | 0 |
_aServicios polivalentes, confluencia entre profesiones de archivo, biblioteca y documentación _b: [actas de las Jornadas] _cXI Jornadas de Gestión de la Información, Biblioteca Nacional, Madrid, 19 y 20 de nov. de 2009 ; [organ izadas por SEDIC ; con el patrocionio de la Dirección General del Libro, Archivos y Bibliotecas ; con la col. de la Biblioteca Nacional de España] |
| 260 |
_aMadrid _bSEDIC _c[2009] |
||
| 300 |
_a267 p. _bil., fot. bl. y n. _c24 cm |
||
| 500 | _aSubtít. tomado de la cub | ||
| 504 | _aBibliografía | ||
| 541 | _cGratuito | ||
| 650 | 4 |
_aarchivero _931102 |
|
| 650 | 4 |
_acalificación profesional _928319 |
|
| 650 | 4 |
_apolivalencia _928321 |
|
| 650 | 4 |
_aservicio de información _928925 |
|
| 650 | 4 |
_arecuperación de la información _928918 |
|
| 650 | 4 |
_amedio audiovisual _927479 |
|
| 650 | 4 |
_amultimedia _931110 |
|
| 650 | 4 |
_agestión electrónica de documentos _930570 |
|
| 650 | 4 |
_aestudio de casos _928846 |
|
| 650 | 4 |
_aconferencia _927013 |
|
| 653 | 1 | 0 | _aBiblioteconomía |
| 650 | 4 |
_928487 _abibliotecario |
|
| 650 | 4 |
_928482 _adocumentalista |
|
| 650 | 4 |
_928178 _aempresa |
|
| 710 | 1 |
_aSociedad Española de Documentación e Información Científica _ecol. _94991 |
|
| 710 | 1 |
_aEspaña _bDirección General del Libro, Archivos y Bibliotecas _ecol. _92819 |
|
| 710 | 2 |
_aBiblioteca Nacional (España) _ecol. _91652 |
|
| 902 | _aLIB Libro | ||
| 942 |
_2CES _cBK _h9.0. |
||
| 999 |
_c23568 _d23568 |
||